LIBRARY ONLINE CATALOGUE

Hergenhahn's an introduction to the history of psychology / (Record no. 19693)

MARC details
000 -LEADER
fixed length control field 01334cam a2200373 i 4500
001 - CONTROL NUMBER
control field 19899251
003 - CONTROL NUMBER IDENTIFIER
control field OSt
005 - DATE AND TIME OF LATEST TRANSACTION
control field 20230306122450.0
008 - FIXED-LENGTH DATA ELEMENTS--GENERAL INFORMATION
fixed length control field 170810s2019 at a b 001 0 eng c
010 ## - LIBRARY OF CONGRESS CONTROL NUMBER
LC control number 2017952179
016 7# - NATIONAL BIBLIOGRAPHIC AGENCY CONTROL NUMBER
Record control number 101725163
Source DNLM
020 ## - INTERNATIONAL STANDARD BOOK NUMBER
International Standard Book Number 1337564151
035 ## - SYSTEM CONTROL NUMBER
System control number (OCoLC)on1035399318
040 ## - CATALOGING SOURCE
Original cataloging agency NLM
Language of cataloging eng
Transcribing agency NLM
Description conventions rda
Modifying agency OCLCO
-- DLC
042 ## - AUTHENTICATION CODE
Authentication code pcc
050 00 - LIBRARY OF CONGRESS CALL NUMBER
Classification number BF81
Item number .H39 2019
100 1# - MAIN ENTRY--PERSONAL NAME
Personal name Henley, Tracy B.,
245 10 - TITLE STATEMENT
Title Hergenhahn's an introduction to the history of psychology /
Statement of responsibility, etc. Tracy B. Henley.
246 1# - VARYING FORM OF TITLE
Title proper/short title Introduction to the history of psychology
250 ## - EDITION STATEMENT
Edition statement 8th ed.
264 #1 - PRODUCTION, PUBLICATION, DISTRIBUTION, MANUFACTURE, AND COPYRIGHT NOTICE
Place of production, publication, distribution, manufacture Australia :
Name of producer, publisher, distributor, manufacturer Cengage,
Date of production, publication, distribution, manufacture, or copyright notice 2019
300 ## - PHYSICAL DESCRIPTION
Extent xvii, 696 p :
Other physical details ill ;
Dimensions 24 cm
336 ## - CONTENT TYPE
Content type term text
Content type code txt
Source rdacontent
337 ## - MEDIA TYPE
Media type term unmediated
Media type code n
Source rdamedia
338 ## - CARRIER TYPE
Carrier type term volume
Carrier type code nc
Source rdacarrier
500 ## - GENERAL NOTE
General note Preceded by: An introduction to the history of psychology / B.R. Hergenhahn, Tracy B. Henley. Seventh edition. [2014].
504 ## - BIBLIOGRAPHY, ETC. NOTE
Bibliography, etc Includes bibliographical references (pages 619-661) and indexes.
650 12 - SUBJECT ADDED ENTRY--TOPICAL TERM
Topical term or geographic name as entry element Psychology
General subdivision history.
700 1# - ADDED ENTRY--PERSONAL NAME
Personal name Hergenhahn, B. R.,
Dates associated with a name 1934-2007.
Title of a work Introduction to the history of psychology.
Relationship information Preceded by (work):
906 ## - LOCAL DATA ELEMENT F, LDF (RLIN)
a 7
b cbc
c pccadap
d 2
e ncip
f 20
g y-gencatlg
942 ## - ADDED ENTRY ELEMENTS (KOHA)
Source of classification or shelving scheme Library of Congress Classification
Koha item type General Collection
Holdings
Withdrawn status Lost status Source of classification or shelving scheme Not for loan Home library Current library Date acquired Cost, normal purchase price Total Checkouts Full call number Barcode Date last seen Price effective from Koha item type
    Library of Congress Classification   Kabarak, Main Campus Kabarak, Main Campus 25/10/2022 5963.00   BF81 .H39 2019 c.1 032535 02/08/2024 25/10/2022 General Collection
    Library of Congress Classification   Kabarak, Main Campus Kabarak, Main Campus 25/10/2022 5963.00   BF81 .H39 2019 c.2 34940 02/08/2024 25/10/2022 General Collection